00433nam a2200169Ia 4500003000400000008004100004040001600045082001900061100001600080245004700096260004900143650001200192650001200204650000900216650002900225650000900254GCL140319s9999 xx 000 0 eng d aGCL / cGCL04aCHb595.7bN I1 aNAYER, JUDY10aINSECTS AT YOUR FINGERTIPS / cNAYER, JUDY a[S.N] : bMC CLANAHAN BOOK COMPANY ، c199304aSCIENCE04aINSECTS04aBEES04aANIMAL SOCIETIES INSECTS04aANTS